000 01988nam a2200289 i 4500
003 DO-SdBNP
005 20240626151749.0
007 ta
008 240626b1987 ag o || 001 0 spa d
020 _a950909773X
040 _aDO-SdBNP
_bspa
_cBNPHU
_erda
082 4 _bH746
_222
240 _aHollywood As Historian. American Film in Cultural Context /
245 0 0 _aHollywood : El cine como fuente histórica :
_bla cinematografía en el contexto social, político y cultural /
_ccompilador Peter C. Rollins ; traducción Esteban Usabiaga
264 _aBuenos Aires, Argentina :
_bFraterna,
_c1987.
300 _a366 páginas :
_bretratos
_c20 cm.
336 _2rdacontent
_atexto
_btxt
337 _2rdamedia
_asin mediación
_bn
338 _2rdacarrier
_avolumen
_bnc
520 _aTomada de la introducción "Los mitos y símbolos de Hollywood son aspectos permanentes de la conciencia histórica norteamericana. En un modo obvio, los filmes estrictamente históricos han recreado las grandes luchas, o revivido personalidades históricas. Para esta compilación, dichos filmes están representados por The Birth of a Nation (1915) de D. W. Griffith, y Wilson (1944), de Darryl F. Zannuck. No satisfecho con la simple recreación del pasado, Hollywood ha intentado a menudo influir sobre el decurso de la historia mediante la producción de filmes conscientemente realizados para cambiar el enfoque público con respecto a asuntos de importancia política o social. Para ilustrar al respecto, se consideran aquí documentales de la era del New Deal; además, esta antología incluye un estudio en detalle de The Negro Soldier (1944), una película del tiempo de la guerra creada con el fin de alentar el orgullo y la comprensión racial."
590 _aInventariado, 2024/ YL
650 _aLos mongoles
_xHistoria.
_985844
700 _a Rollins, Peter C.
_ecompilador
_985747
700 _aUsabiaga, Esteban
_etraducción
_962251
910 _aYLockward
942 _2ddc
_cLBS1
999 _c57024
_d57024